000 00638nam a22001457a 4500
020 _a978-1-4169-5498-9
082 _a823
_bDIX/H
100 _aDIXON, FRANKLIN W
245 _aTHE HARDY BOYS - COMIC CON ARTIST
260 _aNEW YORK
_bALADDIN PAPERBACKS
_c2008
300 _a170
520 _aOn the yacht the boys discover two framed comic-book covers; The Dark Hawk cover and the P. J. Rodriguez. And too late do they realize that Ian Huntington is the one who was responsible for the forgeries, the one who employed Kyle McMartin and had him shot when the Hardys got suspicious.
650 _aMYSTERY STORY
_zUNITED STATES
942 _cBK
999 _c7814
_d7814